Simply psychology (Record no. 31791)

MARC details
000 -LEADER
fixed length control field 00455nam a2200181Ia 4500
008 - FIXED-LENGTH DATA ELEMENTS--GENERAL INFORMATION
fixed length control field 230917s9999||||xx |||||||||||||| ||und||
020 ## - ISBN
Price GBP32.99
040 ## - CATALOGING SOURCE
-- 256482
Original cataloging agency VIVEKANANDA LIBRARY
041 ## - Language
-- English
082 ## - DDC NUMBER
Classification number 150 E73S(4)
100 ## - MAIN ENTRY--PERSONAL NAME
Personal name Eysenck, Michael W
245 #0 - TITLE STATEMENT
Title Simply psychology
250 ## - EDITION STATEMENT
Edition statement 4th ed.
260 ## - PUBLICATION, DISTRIBUTION, ETC. (IMPRINT)
Place of publication, distribution, etc Oxon
Name of publisher, distributor, etc Routledge
Date of publication, distribution, etc 2018
300 ## - PHYSICAL DESCRIPTION
Pages vi, 456 p.
500 ## - GENERAL NOTE
General note 3518 19/07/2019 RK19/978 06/08/2019 Main Budget
942 ## - ADDED ENTRY ELEMENTS (KOHA)
Koha item type Books
Holdings
Withdrawn status Lost status Damaged status Not for loan Location (home branch) Sublocation or collection (holding branch) Date acquired Koha issues (times borrowed) Koha full call number Accession No. Koha date last seen Koha item type
        VIVEKANANDA LIBRARY VIVEKANANDA LIBRARY 03/10/2019 3 150 E73S(4) 384085 19/02/2026 Books
© Designed and Maintained by Vivekananda Library, MDU Rohtak